The Situation of Slovak Jewry in 21 Century bakalárska práca

Saved in:
Bibliographic Details
Main Author: Novosedlíková, Silvia
Corporate Author: Fakulta aplikovaných jazykov EU v Bratislave. Katedra jazykovedy a translatológie
Other Authors: Barac, Ľudovít
Format: Book
Language:English
Published: Bratislava 2017
Tags: Add Tag
No Tags, Be the first to tag this record!

MARC

LEADER 00000nbm a2200000 4500
001 0231406
005 20180213110737.0
041 0 |a eng 
044 |a SK 
245 1 0 |a The Situation of Slovak Jewry in 21 Century  |b bakalárska práca  |c Silvia Novosedlíková ; školiteľ: Ľudovít Barac 
264 1 |a Bratislava  |c 2017 
300 |a 48 s. 
100 1 |a Novosedlíková, Silvia 
700 1 |a Barac, Ľudovít 
710 2 |a Fakulta aplikovaných jazykov EU v Bratislave. Katedra jazykovedy a translatológie